|
|
|
|
| LEADER |
00000cam a2200000 a 4500 |
| 001 |
vtls001489620 |
| 003 |
SK-MaSNL |
| 005 |
20260301015338.0 |
| 008 |
220720s2004 xo odalfrn 100 s slo |
| 015 |
|
|
|a SNBA2005/04-01308
|
| 020 |
|
|
|a 8089039979
|q (brožované)
|
| 035 |
|
|
|a cb54865b-8855-41ee-ad7a-b6a8ddab611f
|
| 035 |
|
|
|a urn:nbn:sk:snk-amjrkh
|
| 035 |
|
|
|a urn:nbn:sk:snk:ar-008wh1
|
| 040 |
|
|
|a SNK
|b slo
|c SNK
|e AACR2
|
| 041 |
0 |
|
|a slo
|b eng
|
| 043 |
|
|
|a e-xo---
|
| 044 |
|
|
|a xo
|c SK
|
| 072 |
|
7 |
|a 51
|x Matematika
|2 konspekt
|
| 072 |
|
7 |
|a 37
|x Výchova a vzdelávanie
|2 konspekt
|
| 080 |
|
|
|a 51
|2 2011
|
| 080 |
|
|
|a 373/378
|2 2011
|
| 080 |
|
|
|a 37.018.8
|2 2011
|
| 080 |
|
|
|a 159.954/.955
|2 2011
|
| 080 |
|
|
|a (437.641)
|2 2011
|
| 080 |
|
|
|a (042.3)
|2 2011
|
| 080 |
|
|
|a (062.534)
|2 2011
|
| 111 |
2 |
|
|a Matematika v škole dnes a zajtra
|n (5. :
|d 2004 :
|c Ružomberok, Slovensko)
|4 aut
|9 86098
|
| 245 |
1 |
0 |
|a Matematika v škole dnes a zajtra
|b 5. ročník konferencie : zborník príspevkov : Katedra matematiky a fyziky, Pedagogická fakulta KU v Ružomberku, Združenie katolíckych škôl Slovenska, Ružomberok, 30. August-1. September 2004
|c [editori Ján Gunčaga, Zdenko Takáč]
|
| 246 |
3 |
|
|a Matematika v škole dnes a zajtra
|b piaty ročník konferencie : zborník príspevkov : Katedra matematiky a fyziky, Pedagogická fakulta KU v Ružomberku, Združenie katolíckych škôl Slovenska, Ružomberok, 30. August-1. September 2004
|
| 250 |
|
|
|a 1. vyd.
|
| 260 |
|
|
|a V Ružomberku
|b Katolícka univerzita
|c 2004
|
| 300 |
|
|
|a 83 strán
|b fotografie, grafy, ilustrácie, schémy, tabuľky
|c 21 cm
|
| 366 |
|
|
|e 100 kusov
|
| 500 |
|
|
|a Ilustrácie na titulnej strane
|
| 500 |
|
|
|a Čiastočne text česky a anglicky
|
| 504 |
|
|
|a Bibliografia na konci kapitol. Obsahuje bibliografické odkazy
|
| 546 |
|
|
|a Anglické resumé
|
| 648 |
|
7 |
|a 2004
|2 SNKPH
|9 303492
|
| 650 |
0 |
7 |
|a matematika
|2 SNKPH
|9 70174
|
| 650 |
0 |
7 |
|a školy
|2 SNKPH
|9 1276
|
| 650 |
0 |
7 |
|a vyučovanie
|2 SNKPH
|9 1522
|
| 650 |
0 |
7 |
|a tvorivé myslenie
|2 SNKPH
|9 66098
|
| 651 |
|
7 |
|a Ružomberok (Slovensko)
|2 SNKPHgeo
|9 24370
|
| 655 |
|
7 |
|a zborníky konferencií
|2 SNKPH
|9 70153
|
| 655 |
|
7 |
|a prednášky
|2 SNKPH
|9 70554
|
| 655 |
|
7 |
|a issue_zb
|2 SNK
|9 276493
|
| 700 |
1 |
|
|a Gunčaga, Ján,
|d 1974-
|4 edt
|9 205318
|
| 700 |
1 |
|
|a Takáč, Zdenko,
|d 1975-
|4 edt
|9 196253
|
| 752 |
|
|
|a Slovensko
|d Ružomberok
|
| 919 |
|
|
|a 80-89039-97-9
|
| 954 |
|
|
|a odborná, vedecká literatúra pôvodná (slovenská)
|2 lita
|
| 958 |
|
|
|a TL
|
| 958 |
|
|
|a OND
|
| 958 |
|
|
|a ART
|
| 958 |
|
|
|a EUIPO
|
| 958 |
|
|
|a NB
|
| 958 |
|
|
|a SP
|
| 958 |
|
|
|a ZB
|
| 999 |
|
|
|c 560596
|d 562526
|
| 952 |
|
|
|a SNK
|b SNK
|y PREZ
|7 0
|p 17A0456042
|o snkSC 118617
|i snk2005/734
|8 0
|0 0
|1 0
|4 0
|d 2005-01-20
|l 0
|r 2025-05-27 00:00:00
|w 2026-02-23
|
| 952 |
|
|
|a SNK
|b SNK
|y VYP
|7 0
|p 17A0456041
|o snkSC 118617 D1
|i snk2005/735
|8 0
|0 0
|1 0
|4 0
|d 2005-01-20
|l 0
|r 2026-02-23 13:40:27
|w 2026-02-23
|